• 首页
  • 本馆介绍
  • 公告通知
  • 最新文献
  • 馆藏检索
  • 电子资源
  • 读者导购
  • 参考咨询
  • 我的图书馆
  • 登录
  • 详细信息显示
  • 放入我的书架
  • 预约/预借图书
  • 作者相关作品
  • 分类相关作品
  • 丛书相关作品
  • 出版社相关作品

书目信息

  • 表格格式
  • 工作单格式
  • 卡片格式
题名:
北京旅游产业发展研究
    
 
作者: 安金明 主编 ;北京市旅游局 编著
分册: 2009年度  
出版信息: 北京   中国旅游出版社  2010.05
页数: 701页
开本: 23cm
丛书名:
单 册:
中图分类: F592.71
科图分类:
主题词: 旅游业--经济发展--研究--北京市 , 旅游业 , 经济发展
电子资源:
ISBN: 978-7-5032-3953-3
000 00932nam0 2200265 450
001 010080002606
005 20140610103129.76
010    @a978-7-5032-3953-3@dCNY35.00
100    @a20100816d2010 em y0chiy0110 ea
101 0  @achi
102    @aCN@b110000
105    @aak z 000yy
106    @ar
200 1  @a北京旅游产业发展研究@9bei jing lu^ you chan ye fa zhan yan jiu@h2009年度@f安金明主编@g北京市旅游局编著
210    @a北京@c中国旅游出版社@d2010.05
215    @a701页@c图@d23cm
330    @a本书主要内容包括:世界金融危机以来北京市旅游局采取的应对政策措施所产生的经济与社会效应分析研究、全球视野下北京旅游国际化的瓶颈与突破研究等。
606 0  @a旅游业@x经济发展@x研究@y北京市
606 0  @a旅游业
606 0  @a经济发展
690    @aF592.71@v4
701  0 @a安金明@9an jin ming@4主编
712 02 @a北京市旅游局@9bei jing shi lu^ you ju@4编著
801  0 @aCN@bRENTIAN@c20100816
905    @b846095-97@dF592.71@e406@f3
    
    北京旅游产业发展研究.2009年度/安金明主编/北京市旅游局编著.-北京:中国旅游出版社,2010.05
    701页:图;23cm
    
    
    ISBN 978-7-5032-3953-3:CNY35.00
    本书主要内容包括:世界金融危机以来北京市旅游局采取的应对政策措施所产生的经济与社会效应分析研究、全球视野下北京旅游国际化的瓶颈与突破研究等。
●
相关链接 在E读中查询图书 在五车中查询图书 在当当中查询图书 在豆瓣中查询图书


正题名:北京旅游产业发展研究     索取号:F592.71/406         预约/预借

序号 登录号 条形码 馆藏地/架位号 状态 备注
1 846095   208460958   第一样本阅览室/ [索取号:F592.71/406] 在馆    
2 846096   208460967   密集书库-资源管理系/ [索取号:F592.71/406] 在馆    
3 846097   208460976   第一借阅区/ [索取号:F592.71/406] 在馆    
唐山师范学院图书馆 欢迎您!
大连网信软件有限公司© 版权所有